00524nam a2200169Ia 450000500170000000800410001704000190005804100120007708200240008910000300011324500460014326000550018930000100024465000670025465100230032185000100034420230522135821.0131103s9999 xx 000 0 und d aLoreto College aEnglish aTAG 891.44bTAG-BHA aBhattacharya, Bijonbihari aRabindra-CharitcBijonbihari Bhattacharya aCalcuttabBangyo Prakashok o Pustak Bikratac[19-] a110p  aTagore, Rabindranath, 1861-1941 - Criticism and Interpretation aBengali Literature aLCLIB